|
|
|
|
| LEADER |
00000nam a22000007a 4500 |
| 005 |
20180104185834.0 |
| 007 |
cr|||| |||| |
| 008 |
180104s2012 sp |||||s|||| 00||0 spa d |
| 020 |
|
|
|a 978-84-9031-482-1
|
| 035 |
|
|
|a 11640
|
| 040 |
|
|
|a vLex
|
| 090 |
|
|
|c 7367
|d 7367
|
| 100 |
1 |
|
|a Fernǹdez Muǫz, Juan Jose
|
| 245 |
1 |
0 |
|a Antecedentes del retiro laboral temprano
|h [Recurso electrn̤ico]:
|b El proceso de salida organizacional en una muestra de prejubilados espaǫles /
|c Juan Jose Fernǹdez Muǫz
|
| 256 |
|
|
|a Servicio en ln̕ea
|
| 260 |
|
|
|a Madrid:
|b Dykinson,
|c 2012
|
| 300 |
|
|
|a 1 recurso electrn̤ico
|
| 506 |
1 |
|
|a Disponible solo en los productos indicados
|d vLex Global
|d vLex Global (Academic Edition, excluding Law Schools)
|d vLex Global (U.S. Academic Edition, Law Schools)
|d vLex Global (U.S. Academic Edition, excluding Law Schools)
|d vLex Global (Academic Edition, Law Schools)
|
| 650 |
0 |
4 |
|a Seguridad Social
|z Espaą
|
| 740 |
0 |
|
|a vLex Libros (Servicio en ln̕ea)
|
| 856 |
4 |
0 |
|u http://vlex.com/source/antecedentes-retiro-laboral-temprano-11640
|z Acceso restringido
|
| 942 |
|
|
|c BOOK
|
| 999 |
0 |
|
|a Social security
|